• 首页
  • 本馆介绍
  • 公告通知
  • 最新文献
  • 馆藏检索
  • 电子资源
  • 读者导购
  • 参考咨询
  • 我的图书馆
  • 登录
  • 详细信息显示
  • 放入我的书架
  • 预约/预借图书
  • 作者相关作品
  • 分类相关作品
  • 丛书相关作品
  • 出版社相关作品

书目信息

  • 表格格式
  • 工作单格式
  • 卡片格式
题名:
电视法制节目的语言传播策略
    
 
作者: 丁龙江 著
分册:  
出版信息: 北京   中国电影出版社  2010
页数: 199页
开本: 24cm
丛书名:
单 册:
中图分类: G222.3
科图分类:
主题词: 法制--电视节目--语言艺术 , 法制 , 电视节目 , 语言艺术
电子资源:
ISBN: 978-7-106-03173-2
000 00902nam0 2200265 45
001 1129231093
005 20110420101100.37
010    @a978-7-106-03173-2@dCNY30.00
100    @a20110414d2010 em y0chiy0110 ea
101 0  @achi
102    @aCN@b110000
105    @ay z 000yy
106    @ar
200 1  @a电视法制节目的语言传播策略@ADian Shi Fa Zhi Jie Mu De Yu Yan Chuan Bo Ce Lue@f丁龙江著@FDing Long Jiang Zhu
210    @a北京@c中国电影出版社@d2010
215    @a199页@d24cm
330    @a本书从语言策略开始,追根溯源,梳理电视法制节目的来路与前程。全书分为七章,内容包括绪论、电视法制节目的形态、电视法制节目的法律语境、电视法制节目的话语权等。
606 0  @a法制@x电视节目@x语言艺术
606 0  @a法制
606 0  @a电视节目
606 0  @a语言艺术
690    @aG222.3@v4
701  0 @a丁龙江@ADing Long Jiang@4著
801  0 @aCN@bTANGWEI@c20110420
905    @b0537442-46@dG222.3@e132@f5
    
    电视法制节目的语言传播策略/丁龙江著.-北京:中国电影出版社,2010
    199页;24cm
    
    
    ISBN 978-7-106-03173-2:CNY30.00
    本书从语言策略开始,追根溯源,梳理电视法制节目的来路与前程。全书分为七章,内容包括绪论、电视法制节目的形态、电视法制节目的法律语境、电视法制节目的话语权等。
●
相关链接 在E读中查询图书 在五车中查询图书 在当当中查询图书 在豆瓣中查询图书


正题名:电视法制节目的语言传播策略     索取号:G222.3/132         预约/预借

序号 登录号 条形码 馆藏地/架位号 状态 备注
1 0537442   205374423   第一样本阅览室/ [索取号:G222.3/132] 在馆    
2 0537443   205374432   第四借阅区/ [索取号:G222.3/132] 在馆    
3 0537444   205374441   第四借阅区/ [索取号:G222.3/132] 在馆    
4 0537445   205374450   第四借阅区/ [索取号:G222.3/132] 在馆    
5 0537446   205374469   第四借阅区/ [索取号:G222.3/132] 在馆    
唐山师范学院图书馆 欢迎您!
大连网信软件有限公司© 版权所有